Statistics for BAZINGA! TUBULAR QUIZ ALERT!

Click here to take the quiz!

General Stats

  • This quiz has been taken 8 times
  • The average score is 11 of 15

Answer Stats

TUBULAR HINT!!!TUBULAR ANSWER!!!% Correct
Which US president was assassinated at Ford's Theatre?Abraham Lincoln
100%
Which continent contains the most countries?Africa
100%
Was this quiz absolutely TUBULAR?!?!Yes
100%
What is the capital of Argentina?Buenos Aires
83%
Who's assassination sparked the start of WWI?Franz Ferdinand
83%
What was the largest contiguous Empire?Mongol Empire
83%
What is the most populated African country?Nigeria
83%
Ankara is the capital of what country?Turkey
83%
What country had the most deaths during WWII?USSR
83%
Who was the first Emperor of the Roman Empire?Augustus Caesar
67%
Which US president demanded that Mikhail Gorbachev, Premier of the Soviet Union, tear down the Berlin wall?Ronald Reagan
67%
Which Empire put an end to the Roman Empire?Ottoman Empire
50%
What English civil war was fought between the houses of Lancaster and York?War of Roses
33%
What nation was formerly known as "Ceylon"?Sri Lanka
17%
What was the capital of France during the majority of WWII?Vichy
17%

Score Distribution

Percentile by Number Answered

Percent of People with Each Score

Your Score History

You have not taken this quiz